| 000 | 00000nam##2200000za#4500 |
| 001 | 9.632938 |
| 003 | CaOODSP |
| 005 | 20210624215059 |
| 007 | cr ||||||||||| |
| 008 | 150407|1998||||xxc|||||o f|0| 0 fre|d |
| 040 | |aCaOODSP|bfre |
| 043 | |an-cn--- |
| 086 | 1 |aSW21-32/1998F-PDF |
| 110 | 1 |aCanada. |bCondition féminine Canada. |
| 245 | 10|aLes femmes et le déficit en matière d'égalité : |h[ressource électronique]|bl'incidence de la restructuration des programmes sociaux du Canada / |c[Par] Shelagh Day et Gwen Brodsky. |
| 260 | |aOttawa - Ontario : |bCondition féminine Canada |c1998. |
| 300 | |a265p. |
| 500 | |aSommaire: Chapitre 1: Du RAPC au TCSPS: les pertes: Le cadre général; Les programmes sociaux nationaux et le fédéralisme fiscal; Les répercussions de la Loi d'exécution du budget.--Chapitre 2: L'égalité des femmes: l'engagement normatif: Les engagements internationaux à l'égard des droits de la personne; Les engagements à l'égard des droits de la personne au Canada.--Chapitre 3: Les prétentions des opposants: Aperçu des décisions; L'exclusion des dimension sociales et économiques de l'inégalité du cadre de l'égalité; La séparation des droits à l'égalité et de la politique sociale et économique; la rupture du lien entre l'inégalité et les droits à l'égalité; Résistance à la séparation du droit à l'égalité et de l'inégalité sociale et économique de fait.--Chapitre 4: La LEB, les obligations du Canada en vertu des traités et les droits à l'égalité garantis par la Charte.--Chapitre 5: Les nouvelles orientations: Les tribunaux et les droits à l'égalité; Les instruments et les forums internationaux; Une commission de l'après-Beijing sur l'égalité des femmes; L'avenir des programmes sociaux et des normes "nationales". |
| 500 | |aTraduction. |
| 504 | |aBibliographie. |
| 590 | |a06-10-Supp|b2006-12-15 |
| 691 | 07|aÉgalité des chances|2gcpds |
| 691 | 07|aÉgalité des sexes|2gcpds |
| 691 | 07|aFemme|2gcpds |
| 691 | 07|aProgrammes sociaux|2gcpds |
| 720 | 1 |aBrodsky, Gwen |
| 720 | 1 |aDay, Shelagh |
| 775 | 08|tWomen and the equality deficit : |w(CaOODSP)9.688512 |
| 776 | 0#|tLes femmes et le déficit en matière d'égalité : |w(CaOODSP)9.680420 |
| 856 | 40|ahttp://publications.gc.ca|qPDF|s153 Ko|uhttps://publications.gc.ca/collections/Collection/SW21-32-1998F-1.pdf |
| 856 | 40|ahttp://publications.gc.ca|qPDF|s264 Ko|uhttps://publications.gc.ca/collections/Collection/SW21-32-1998F-2.pdf |
| 856 | 40|ahttp://publications.gc.ca|qPDF|s249 Ko|uhttps://publications.gc.ca/collections/Collection/SW21-32-1998F-3.pdf |
| 856 | 40|ahttp://publications.gc.ca|qPDF|s242 Ko|uhttps://publications.gc.ca/collections/Collection/SW21-32-1998F-4.pdf |
| 856 | 40|ahttp://publications.gc.ca|qPDF|s207 Ko|uhttps://publications.gc.ca/collections/Collection/SW21-32-1998F-5.pdf |
| 856 | 40|ahttp://publications.gc.ca|qPDF|s221 Ko|uhttps://publications.gc.ca/collections/Collection/SW21-32-1998F-6.pdf |
| 856 | 40|ahttp://publications.gc.ca|qPDF|s380 Ko|uhttps://publications.gc.ca/collections/Collection/SW21-32-1998F-7.pdf |